01346nam a2200337Ia 4500001001200000003000800012006001900020007001500039008004100054020001800095020001800113040002100131035002100152050002600173082001500199245016600214260005900380300001600439490004000455504004100495533015200536650004300688650001800731655002900749700002200778700002800800700002000828710001700848856012600865999001700991ebr10726706CaPaEBRm o u cr cn|||||||||130415s2007 dcu sb 000 0 eng d z9780875904375 z9781118672549 aCaPaEBRcCaPaEBR a(OCoLC)64754550914aGB1197.7b.S83 2007eb04a551.4922300aSubsurface hydrologyh[electronic resource] :bdata integration for properties and processes /cDavid W. Hyndman, Frederick D. Day-Lewis, Kamini Singha, editors. aWashington, D.C. :bAmerican Geophysical Union,c2007. avii, 253 p.0 aGeophysical monograph series ;v171 aIncludes bibliographical references. aElectronic reproduction.bPalo Alto, Calif. :cebrary,d2013.nAvailable via World Wide Web.nAccess may be limited to ebrary affiliated libraries. 0aGroundwater flowxMathematical models. 0aHydrogeology. 7aElectronic books.2local1 aHyndman, David W.1 aDay-Lewis, Frederick D.1 aSingha, Kamini.2 aebrary, Inc.40uhttp://site.ebrary.com/lib/rucke/Doc?id=10726706zAn electronic book accessible through the World Wide Web; click to view c38927d38927